TV Show by IMDb Plot Keywords Quiz Stats

 Plays Quiz Updated Oct 7, 2015

Also try: TV Shows by Plot
Challenge
Share
Tweet
Embed
Score 0/30 Timer 05:00
3 Plays Today
% Correct
Glee
94.8%
Orange is the New Black
94%
Game of Thrones
93.1%
Buffy the Vampire Slayer
93.1%
Breaking Bad
93%
Grey's Anatomy
92.3%
Lost
91.7%
Friends
91.3%
The Big Bang Theory
91.2%
Downton Abbey
89.7%
That '70s Show
89.3%
Doctor Who
88.2%
Brooklyn Nine-Nine
87.8%
The Sopranos
87.1%
24
86.8%
% Correct
Mad Men
86.3%
Futurama
85.7%
The Walking Dead
85.4%
The X-Files
84.6%
Dexter
83.4%
The Office
82.5%
Scrubs
82.1%
Six Feet Under
81.9%
Boardwalk Empire
81.4%
Supernatural
81%
New Girl
80.9%
Psych
80.4%
Desperate Housewives
79.7%
30 Rock
76.8%
Arrested Development
76.1%

You're not logged in!

Compare scores with friends on all Sporcle quizzes.
Join for Free
OR
Log In

You Might Also Like...

Show Comments

Extras

Top Quizzes Today


Score Distribution

Your Account Isn't Verified!

In order to create a playlist on Sporcle, you need to verify the email address you used during registration. Go to your Sporcle Settings to finish the process.

Report this User

Report this user for behavior that violates our Community Guidelines.

Details: